Normal view
MARC view
Entry Personal Name
001 - CONTROL NUMBER
- control field: 12792
003 - CONTROL NUMBER IDENTIFIER
- control field: ARRUPE
005 - DATE AND TIME OF LATEST TRANSACTION
- control field: 20141121133424.0
008 - FIXED-LENGTH DATA ELEMENTS
- fixed length control field: 141121|| aca||aabn | a|a d
040 ## - CATALOGING SOURCE
- Original cataloging agency: ARRUPE
- Transcribing agency: ARRUPE
100 ## - HEADING--PERSONAL NAME
- Personal name: Mutizwa, Joe
670 ## - SOURCE DATA FOUND
- Source citation: Work cat.: (ARRUPE): Mutizwa, Joe, The arc of awareness, 2014